000 00930nam a22002177a 4500
005 20160223091031.0
008 160223b2015 ck abo |r|||| 00| 0 spa d
040 _aCO-BoIAVH
_cCO-BoIAVH
041 0 _aspa
044 _ack
082 0 4 _a577
_bE19b
245 0 0 _aEcomedellín
_bbordes de Medellín como hábitat social y natural de la microcuenca quebrada la Honda
260 _aMedellín (Colombia) :
_bAlcaldía de Medellín,
_c2015.
300 _a76 páginas :
_bilustraciones, gráficas, mapas y fotografías a color ;
_c28 x 22 cm.
650 6 _aEcología
_zAntioquia (Departamento, Colombia)
650 6 _aEcología
_xconservación
_zAntioquia (Departamento, Colombia)
650 6 _aBiodiversidad
_xconservación
_zAntioquia (Departamento, Colombia)
650 6 _aEcosistemas
_xconservación
_zAntioquia (Departamento, Colombia)
710 2 _aAlcaldía de Medellín
942 _2ddc
_cLIBRO
999 _c18175
_d18175